000 00705nam a22002297a 4500
003 DO-SdBNP
005 20171124132101.0
008 161031b 2013 sp 00| 0 spa d
020 _a9788415142164 (o. completa)
020 _a9788415142171 (v. 1)
020 _a9788415142188 (v. 2)
040 _aBPMSU
_bspa
_cBPMSU
082 _axxxx
_bxxxx
110 2 _aOcéano grupo editorial
245 1 0 _aFisiología aplicada a la anestesiología /
_cOcéano grupo editorial
260 _aBarcelona :
_bOceano,
_bErgon,
_c2013.
300 _a2 v. :
_bil.
_c30 cm.
_eCD-ROOM
910 _a000144
942 _2ddc
_cBK
945 _aInventariado extranjero / 2017 YL
956 _aYLOCKWARD
_b10
_c20171124
_d144
999 _c13068
_d13068